La cabana del Tio Tom / (Registro nro. 7162)

Detalles MARC
000 -LIDER
fixed length control field 00659cam a22002292 4500
001 - NÚMERO DE CONTROL
Identificador de número de control 000011520
003 - IDENTIFICACDOR DE NÚMERO DE CONTROL
control field 000011520
005 - DATE AND TIME OF LATEST TRANSACTION
control field 20180118083743.0
008 - ELEMENTOS DE LONGITUD FIJA
fixed length control field 910618s1991 sp 000 0 spa
010 ## - NUMERO DE CONTROL DE BIBLIOTECA DEL CONGRESO
LC control number ltf91069466
020 ## - ISBN
International Standard Book Number 9978800433
040 ## - FUENTE DE CATALOGACIÓN
Agencia que crea de manera original el registro BPMET
Agencia que realiza la transcripción spa
Agencia que realiza la modificación BPMET
100 1# - ASIENTO PRINCIPAL -- NOMBRE PERSONAL
Nombre personal Stowe, Harriet Beecher,
Fechas asociadas con el nombre 1811-1896.
245 13 - MENCIÓN DE TITULO
Título La cabana del Tio Tom /
Mención de responsabilidad Harriet Beecher Stower
260 ## - PUBLICACIÓN, DISTRIBUCIÓN, ETC. (PIE DE IMPRENTA)
Lugar de publicación, distribución, etc Quito, Ecuador :
Nombre del editor, distribuidor, etc. Libresa,
Fecha de publicación, distribución, etc 1991
300 ## - DESCRIPCIÓN FÍSICA
Extensión 68 p.
Otros detalles físicos il.
Dimensiones 22 cm.
440 ## - MENCIÓN DE SERIE/ENTRADA SECUNDARIA--TÍTULO
ISSN Clásicos de siempre
910 ## - VALIDACIÓN
Validación Catalogación derivada
942 ## - ADDED ENTRY ELEMENTS (KOHA)
Source of classification or shelving scheme Dewey Decimal Classification
Koha item type Libros
945 ## - INFORMACIÓN DE PROCESAMIENTO LOCAL
Información de procesamiento local inventariado, 2018 / dg
956 ## - LOCAL ELECTRONIC LOCATION AND ACCESS (OCLC)
Nombre de host VMATEO
Número de acceso 10
Información de compresión 20150420
Inicio de sesión BPMSU
Procesador de solicitud 0069
Existencias
Withdrawn status Lost status Source of classification or shelving scheme Damaged status Not for loan Home library Current library Date acquired Total Checkouts Barcode Date last seen Copy number Price effective from Koha item type
    Dewey Decimal Classification     Biblioteca Pública Metropolitana Salomé Ureña Biblioteca Pública Metropolitana Salomé Ureña 07/15/2014   BPMSU15040588 07/15/2014 1 07/15/2014 Libros